02926nam a22004577a 4500001001000000003001100010005001700021008004100038010001700079020001800096040002300114041000800137050002400145245003600169246002200205250002300227264006900250264001100319300008500330336002600415337001600441338001500457500002400472500014000496504005200636505007200688505007900760505008900839505011000928505011901038505006501157505008001222520086101302600006502163600004902228650002402277650002402301650005902325700003602384710004802420BRCA_9175FranzMayer20220809131913.0190228s2018 mx a b f000 0 spa  a 2019387502 a9786076055601 aDLCbspaerdacDLC aspa00aND699.K3bK352 201800aKandinsky :bpequeños mundos.30aPequeños mundos aPrimera edición. 1aCiudad de México :bInstituto Nacional de Bellas Artes,c2018. 4c©2018 a290 páginas :bilustraciones a color y b/n, imágenes fotográficas ;c25 cm atextbtxt2rdacontent bn2rdamedia 2rdacarrier aUbicación: L59-N5 aPublicado con motivo de la exposición celebrada en el Museo del Palacio de Bellas Artes, [31 de octubre de 2018-21 de enero de 2019]. aIncluye referencias bibliográficas e índice0 tImpresiones, improvisaciones, composiciones / rNatalia Avtonomova 0 tKandinsky. Pintura abstracta, transgresión de límites / rJorge Juanes0 tKandinsky y el arte popular ruso. Su viaje iniciatico por Vologda / rSilvia Burini 0 tEl cosmos de color de Kandinsky. Tecnología artística de los años 1896 a 1914 / rIris Winkelmeyer 0 t"Cambiar instrumentos". La abstracción musical en la labor docente de Kandinsky en la Bauhaus / rNancy Perloff 0 tLos años en París, 1934-1944 / rVivian Endicott Barnett0 tEl apocalipsis y la antigua Rusia: Kandinsky y Rachmaninoff / rPeter Vergo aLa primera exposición individual en México de uno de los máximos exponentes del abstraccionismo, el artista ruso Vasili Kandinsky. La exposición indaga en la evolución de uno de los artistas más emblemáticos del siglo XX que acabaría siendo apodado “Padre de la Abstracción”, descubre sus controvertidos planteamientos plásticos que hoy siguen generando debates sobre la naturaleza del arte. La exposición incluyó aproximaciones musicales al arte cinestésico de Kandinsky con algunos compositores contemporáneos del artista, como Wagner, Rachmaninoff y Schöenberg. Incluye obras de las colecciones de The State Tretyakov Gallery, The Pushkin State Museum of Fine Arts, Centre Georges Pompidou de París, The Solomon R. Guggenheim, Metropolitan Museum of Art de Nueva York y Los Angeles County Museum of Art, entre otros. 10aKandinsky, Wassily,d1866-1944xCrítica e interpretación10aKandinsky, Wassily,d1866-1944vExhibiciones 0aPintura, Abstracta. 0aArte RusoySiglo XX 0aPintoreszRusia (Federación)ySiglo XXvBiografía.12aKandinsky, Wassily,d1866-1944.2 aMuseo del Palacio de Bellas Artes (Mexico),